Journal of services marketing

Contains full-text articles, 1994- ; abstracts only, 1989-1993.

Detalles Bibliográficos
Formato: Electrónico Seriadas
Lenguaje:inglés
Publicado: Bradford, West Yorkshire, England : EMERALD
Materias:
Acceso en línea:Full text available from Research Library: 07/01/1987 to 1 year ago

MARC

LEADER 00000nas a22000005a 4500
001 ssj0005999
003 WaSeSS
005 20200512172242.0
006 m d
007 cr n
008 980310c19879999enkbx ss 0 a0eng c
010 |a sn 98034155  
015 |a GBB3A8069  |2 bnb 
016 7 |a 012434159  |2 Uk 
022 |a 2054-1651  |y 0887-6045 
035 |a (WaSeSS)ssj0005999 
037 |b MCB University Press Limited, 60/62 Toller Lane, Bradford, West Yorkshire, England BD8 9BY 
040 |a IUL  |b eng  |e pn  |c IUL  |d OCL  |d IUL  |d OCL  |d OCLCQ  |d SERSO  |d CUD  |d OCLCQ  |d OCLCO  |d OCLCQ  |d DLC  |d BEDGE  |d OCLCF  |d OCLCQ  |d DLC  |d NLE  |d UKMGB  |d VT2  |d WaSeSS 
042 |a pcc 
050 0 0 |a HD9980.1 
050 1 4 |a HD9980.1  |b .J68 
082 0 4 |a 658.812 
130 0 |a Journal of services marketing (Online) 
245 1 0 |a Journal of services marketing  |h [electronic resource]. 
260 |a Bradford, West Yorkshire, England :  |b EMERALD 
310 |a Six no. a year,  |b 1996- 
321 |a Quarterly,  |b 1989-1995 
362 1 |a Print began with vol. 1, no. 1 (summer 1987). 
506 |a License restrictions may limit access. 
520 |a Contains full-text articles, 1994- ; abstracts only, 1989-1993. 
538 |a Mode of access: World Wide Web. 
588 |a Description based on: Vol. 3, issue 01 (1989); title from v. title screen (viewed Mar. 4, 1998). 
588 |a Latest issue consulted: Vol. 31, issue 1 (2017), (Emerald viewed Feb. 23, 2017). 
650 0 |a Service industries  |v Periodicals. 
650 0 |a Customer services  |v Periodicals. 
650 7 |a Publications périodiques.  |2 eclas 
650 7 |a Secteur tertiaire.  |2 eclas 
650 7 |a Marketing.  |2 eclas 
650 7 |a Prestations de services.  |2 eclas 
650 7 |a Customer services.  |2 fast  |0 (OCoLC)fst00885545 
650 7 |a Service industries.  |2 fast  |0 (OCoLC)fst01113407 
655 0 |a Electronic journals. 
776 1 |t Journal of services marketing  |x 0887-6045  |w (DLC)sn 86001130  |w (OCoLC)13306854 
776 1 |t Journal of services marketing (CD-ROM)  |w (DLC)sn 97034078  |w (OCoLC)36299665 
850 |a DLC 
856 4 0 |z Full text available from Research Library: 07/01/1987 to 1 year ago  |u https://search.proquest.com/publication/36583